000 01820cam a2200361 a 4500
001 6914
003 FISKH
005 20250606103952.0
008 100514r20112009nyua j 001 0 eng
010 _a 2010018526
020 _a9780843122312 (pbk.)
020 _a0843122315 (pbk.)
040 _aDLC
_cDLC
_beng
050 _aQE861.5 .A73
082 _a567.9
100 1 _aArdagh, Philip.
245 1 0 _aDinosaurs :
_bclaws and all /
_cPhilip Ardagh ; illustrated by Mike Gordon.
260 _aNew York :
_bPrice Stern Sloan,
_c2011.
300 _a63 pages :
_bcolor illustrations ;
_c20 cm
500 _aIncludes index.
500 _aOriginally published: Great Britain : Scholastic UK, 2009.
505 0 _aWelcome to Henry's house! -- Egg-citing times! -- Mighty giants -- Defense -- The king of the dinosaurs -- Hatching a plan -- Slashing claws -- The raiders -- Zoom! -- Clues--clues--clues! -- Neck and neck -- Boneheads -- Big heads! -- Other life on Earth -- Big beast! -- Good and noisy! -- Cooling off -- Spine time -- Different times -- When in the world -- The death of dinos -- Famous finds -- Where in the world -- Dino guide.
505 0 _aP
520 _aMeet Henry, an ordinary boy in an extraordinary house... There's a diplodocus in the basement and fossil footprints in the garden! Step inside Henry's House and join Henry, Jaggers the caretaker and a quirky cast of characters as they find out about dinosaurs. Fact-packed, fun-packed, get packed ... and head for Henry's House!
521 8 _a660
_bLexile estimate
521 8 _aP
_bRaz-Plus
650 0 _aDinosaurs
_vJuvenile literature.
650 1 _aDinosaurs.
700 1 _aGordon, Mike,
_d1948 March 16-
_eillustrator
906 _a7
_bcbc
_corignew
_d1
_eecip
_f20
_gy-gencatlg
942 _2ddc
_cBK
_n0
999 _c6914
_d6914